| 000 | 00869nas a2200241 a 4500 | ||
|---|---|---|---|
| 003 | CBULib | ||
| 005 | 20240814141512.0 | ||
| 008 | 120416c20119999||||||||||||||||| || u | ||
| 020 | _a9789211128284 | ||
| 040 |
_aCBULib _cCBUlib _dCBUlib _erda _bEnglish |
||
| 041 | _aeng | ||
| 050 | _aUNCTAD(058)WIR/2011 | ||
| 110 | _aUnited Nations Conference on Trade and Development (UNCTAD) | ||
| 245 | 1 | 0 |
_aWorld Investment Report 2011: non-equity modes of international production and development _c/ by United Nations Conference on Trade and Development (UNCTAD) |
| 260 |
_aNew York : _bUnited Nations, _c2011 |
||
| 300 | _aXxiii, 226 pwages : illustrations | ||
| 336 |
_2rdacontent _aText | _btxt |
||
| 337 |
_2rdamedia _aUnmediated | _bn |
||
| 338 |
_2rdacarrier _aVolume _bnc |
||
| 650 | 0 | _aINTERNATIONAL ECONOMIC RELATIONS | |
| 650 | _aINVESTMENTS | ||
| 942 |
_c029 _2mc |
||
| 999 |
_c83252 _d83252 |
||